00921cam a2200229 a 450000500170000000800410001702000150005804000360007304100080010904400080011708200230012510000270014824501710017526000470034630000540039350400530044765000490050065000500054965000270059970000360062671000290066220160802110936.0021008s2002 enka b 001 0 eng  a0954161742 aUKMcUKMdOCLCQdDLCdCO-BoIAVH0 aeng aenk00a519.50285536bV55i1 aVenables, W. N.eautor13aAn introduction to R :bnotes on R: a programming environment for data analysis and graphics, version 1.4.1 /cW.N. Venables, D.M. Smith y el R Development Core Team. aBristol :bNetwork Theory,c[2002], c2001. avi, 139 páginas :bilustraciones ;c23 x 15 cm. aIncluye referencias bibliográficas e índice.26aDatos estadísticosxProcesamiento de datos24aR (Lenguaje de programación de computadora)24aModelos estadísticos2 aSmith, D. M.q(David M.)eautor2 aR Development Core Team.